00853nam a22001937a 45000010005000000030006000050050017000110080041000280200018000690400029000870820008001161000020001242450144001442600036002883000048003245200185003726500082005577000020006398685FISKH20251010102509.0251010b cb ||||| |||| 00| 0 eng d a9781108610827 aFISKHbengcFISKHdFISKH a510 aChalmers, Dean  aCambridge international AS & A level Mathematics : bProbability & Statistics 1 coursebook /cDean Chalmers ; Senior Editor : Julian Gilbey aNew York : bCambridge, c2018. a248 pages : bcolor illustrations ; c28 cm aThis coursebook is meticulously designed to support students in mastering the Probability & Statistics 1 component of the Cambridge International AS & A Level Mathematics syllabus. aMathematics Education vAS & A Level Mathematics xProbability & Statistics aGilbey, Julian